<?xml version="1.0" encoding="UTF-8"?><?xml-stylesheet type="text/xsl" href="static/style.xsl"?><OAI-PMH xmlns="http://www.openarchives.org/OAI/2.0/" xmlns:xsi="http://www.w3.org/2001/XMLSchema-instance" xsi:schemaLocation="http://www.openarchives.org/OAI/2.0/ http://www.openarchives.org/OAI/2.0/OAI-PMH.xsd"><responseDate>2026-06-06T01:34:55Z</responseDate><request verb="GetRecord" identifier="oai:riuma.uma.es:10630/29738" metadataPrefix="marc">https://riuma.uma.es/rest/oai/request</request><GetRecord><record><header><identifier>oai:riuma.uma.es:10630/29738</identifier><datestamp>2026-02-03T10:58:09Z</datestamp><setSpec>com_10630_2254</setSpec><setSpec>col_10630_37953</setSpec></header><metadata><record xmlns="http://www.loc.gov/MARC21/slim" xmlns:dcterms="http://purl.org/dc/terms/" xmlns:doc="http://www.lyncode.com/xoai" xmlns:xsi="http://www.w3.org/2001/XMLSchema-instance" xsi:schemaLocation="http://www.loc.gov/MARC21/slim http://www.loc.gov/standards/marcxml/schema/MARC21slim.xsd">
   <leader>00925njm 22002777a 4500</leader>
   <datafield ind2=" " ind1=" " tag="042">
      <subfield code="a">dc</subfield>
   </datafield>
   <datafield ind2=" " ind1=" " tag="720">
      <subfield code="a">Bermejo-Lacida, Ricardo</subfield>
      <subfield code="e">author</subfield>
   </datafield>
   <datafield ind2=" " ind1=" " tag="720">
      <subfield code="a">Heesch, Svenja</subfield>
      <subfield code="e">author</subfield>
   </datafield>
   <datafield ind2=" " ind1=" " tag="720">
      <subfield code="a">Mac Monagail, Michéal</subfield>
      <subfield code="e">author</subfield>
   </datafield>
   <datafield ind2=" " ind1=" " tag="720">
      <subfield code="a">O´Donnell, Moya</subfield>
      <subfield code="e">author</subfield>
   </datafield>
   <datafield ind2=" " ind1=" " tag="720">
      <subfield code="a">Daly, Eve</subfield>
      <subfield code="e">author</subfield>
   </datafield>
   <datafield ind2=" " ind1=" " tag="720">
      <subfield code="a">Wilkes, Robert J.</subfield>
      <subfield code="e">author</subfield>
   </datafield>
   <datafield ind2=" " ind1=" " tag="720">
      <subfield code="a">Morrison, Liam</subfield>
      <subfield code="e">author</subfield>
   </datafield>
   <datafield ind2=" " ind1=" " tag="260">
      <subfield code="c">2019</subfield>
   </datafield>
   <datafield ind2=" " ind1=" " tag="520">
      <subfield code="a">The identification of relevant scales of variation is a necessary prerequisite before explanatory models can be proposed and tested. In this study spatial and temporal patterns of biomass distribution were assessed for two Ulva morphologies in two&#xd;
Irish estuaries heavily affected by green tides (wet biomass>1 kg m−2 during the peak bloom). Moreover, using&#xd;
genetic markers, the species composition of these green tides was assessed. Results revealed that these blooms&#xd;
were multi-specific, with Ulva prolifera, U. compressa and U.rigida the most frequent species. The species U.&#xd;
prolifera and U. compressa usually showed a tubular morphology, while U. rigida was mainly laminar. A seasonal&#xd;
succession common to both estuaries was also identified, with the bloom dominated by tubular species during&#xd;
spring and early summer, and co-dominated by tubular and laminar morphologies during late summer and&#xd;
autumn. Moreover, tubular and laminar morphologies exhibited different distribution patterns, with tubular&#xd;
morphologies varying at bigger spatial scales and higher biomass than the laminar. As tubular and laminar&#xd;
morphologies exhibited different distribution patterns, varying tubular morphologies along bigger spatial scales&#xd;
with higher biomass levels than the laminar. Considering that tubular morphologies were usually anchored to&#xd;
the sediment, while laminar Ulva were usually observed free-floating, these differences could explain a differential&#xd;
influence by water motion. An important annual and decadal variability in biomass levels of Ulva was&#xd;
observed, in the case of the Tolka estuary a noticeable increase over the last two decades. These findings should&#xd;
be considered for the development of management and monitoring strategies since the different habitat of laminar&#xd;
and tubular morphologies (anchored vs. free-floating) may play an important role in the balance of nutrients&#xd;
and biomass in the estuary, or determine the response to pollutant exposure.</subfield>
   </datafield>
   <datafield ind1="8" ind2=" " tag="024">
      <subfield code="a">Bermejo, Ricardo, Svenja Heesch, Michéal Mac Monagail, Moya O’Donnell, Eve Daly, Robert J Wilkes, and Liam Morrison. 2019. “Spatial and Temporal Variability of Biomass and Composition of Green Tides in Ireland.” Harmful Algae 81: 94–105.</subfield>
   </datafield>
   <datafield ind1="8" ind2=" " tag="024">
      <subfield code="a">https://hdl.handle.net/10630/29738</subfield>
   </datafield>
   <datafield ind1="8" ind2=" " tag="024">
      <subfield code="a">10.1016/j.hal.2018.11.015</subfield>
   </datafield>
   <datafield tag="653" ind2=" " ind1=" ">
      <subfield code="a">Biodiversidad</subfield>
   </datafield>
   <datafield ind2="0" ind1="0" tag="245">
      <subfield code="a">Spatial and temporal variability of biomass and composition of green tides in Ireland</subfield>
   </datafield>
</record>
</metadata></record></GetRecord></OAI-PMH>